000 01344nam a2200241 a 4500
001 000048422
005 20240313073820.0
008 190314s2018 dr ac 000 m spa d
020 _a9789945590715
040 _aDO-SdBNP
_bspa
_cBNPHU
082 _axxxx
_bJ61g
100 1 _aJiménez, Máximo
_975836
245 1 3 _aLa gran aventura de la bachata urbana /
_cMáximo Jiménez ; Prólogo de José Rafael Lantigua.
260 _aSanto Domingo :
_bFUNGLODE,
_c2018.
300 _a140 p. :
_bil., retrs. ;
_c23 cm.
490 1 _aCultura
500 _aIncluye datos biográficos del autor en las solapas
505 0 _aAgradecimientos --
_tPrólogo --
_tCronología del grupo Aventura --
_tIntroducción: «Bachata Rosa » --
_tHijos de la diáspora --
_tEl sueño de cuatro «tinellers» --
_tUna nueva generación de la bachata --
_tLa obseción por el éxito se hace canción --
_tLa gran Aventura de la bachata --
_tThey Got the Crown --
_tCrónica de los que vinieron detrás --
_tEl gran salto a la consagración --
_tCulminación inevitable --
_t¿A quién le llegó su final? --
_tY la historia continuará --
_tApuntes finales --
_tReferencias --
_tDiscografía.
590 _aInventariado, 2019/LP
700 1 _aLantigua, José Rafael,
_d1949-
_ePról.
_91438
710 2 2 _aFundación Global Democracía y Desarrollo
_925477
830 0 _aCultura
_956064
999 _c47910
_d47910